000 00892nam a22002297a 4500
001 6097
003 FISKH
005 20250509103238.0
008 250311b cb ||||| |||| 00| 0 eng d
040 _aFISKH
_bKhmer
_cFISKH
_dFISKH
050 _aPZ7
082 _a400
100 _aThaily, Ly
245 _aវចនានុក្រម សុភាសិតខ្មែរអធិប្បាយ :
_bភាគ ១៖ ពី "ក" ដល់ "ធ"​/
_cដោយ លី ថៃលី
250 _aFirst published in 2007
260 _aSihanouk Ville :
_bMP Publishing House ;
_c2007.
300 _a275 pages :
_bcolor illustrations ;
_c20 cm .
650 _aវចនានុក្រម សុភាសិតខ្មែរអធិប្បាយ
_vសុភាសិត
650 _aKhmer proverb dictionary with commentary
_vproverb
942 _2ddc
_cKHB
_n0
999 _c6097
_d6097